Welcome to CU Library Online Public Access Catalogue (OPAC)

ALL THE DIVINE NAMES AND TITLES IN THE BIBLE (Record no. 6417)

MARC details
000 -LEADER
fixed length control field 00376nam a22001457a 4500
005 - DATE AND TIME OF LATEST TRANSACTION
control field 20250612104012.0
008 - FIXED-LENGTH DATA ELEMENTS--GENERAL INFORMATION
fixed length control field 250612b |||||||| |||| 00| 0 eng d
020 ## - INTERNATIONAL STANDARD BOOK NUMBER
International Standard Book Number 9780310280415
050 ## - LIBRARY OF CONGRESS CALL NUMBER
Classification number BS544
Item number LOC
100 ## - MAIN ENTRY--PERSONAL NAME
Personal name LOCKYER HERBERT
245 ## - TITLE STATEMENT
Title ALL THE DIVINE NAMES AND TITLES IN THE BIBLE
260 ## - PUBLICATION, DISTRIBUTION, ETC.
Place of publication, distribution, etc. MICHIGAN
Name of publisher, distributor, etc. ZONDERVAN
Date of publication, distribution, etc. c1975
300 ## - PHYSICAL DESCRIPTION
Extent 360p
942 ## - ADDED ENTRY ELEMENTS (KOHA)
Source of classification or shelving scheme Library of Congress Classification
Koha item type Books
Suppress in OPAC No
999 ## -
-- 6417
-- 6417
Holdings
Withdrawn status Lost status Source of classification or shelving scheme Damaged status Not for loan Collection Home library Current library Shelving location Date acquired Total checkouts Full call number Barcode Date last seen Copy number Price effective from Koha item type
    Library of Congress Classification     Non-fiction Undergraduate Library (Christ Temple) Undergraduate Library (Christ Temple) General stacks 06/12/2025   BS544 LOC ulct00003212 06/12/2025 1 06/12/2025 Books
© 2023-2024 Copyright: Central University Libraries. All Rights Reserved | Created by: Mahone Tech Office